000 00456nam a22001697a 4500
005 20251108172728.0
008 250721s2002 xx 000 0 ara d
082 1 4 _a791.437/شهي
100 1 _aشهيب، نجم
_eمؤلف
245 1 0 _aكتابة السناريو /
264 1 _aعمان :
_bدار الخليج،
_c2002.
300 _a95ص
650 1 7 _aالسينما
650 1 7 _aالسيناريوهات
942 _2ddc
_cBK
999 _c87004
_d87004